| 000 | 00517nam a22002057a 4500 | ||
|---|---|---|---|
| 003 | SISC | ||
| 005 | 20160309094835.0 | ||
| 008 | 130724t xxu||||| |||| 00| 0 eng d | ||
| 020 | _a0451523628 | ||
| 050 |
_aPS 3162 _b.W553 1980 |
||
| 082 |
_aCLA W55h _b1980 |
||
| 100 |
_aWharton, Edith _93715 |
||
| 245 |
_aThe house of mirth / _cEdith Wharton |
||
| 260 |
_aNew York : _bA Signet Books, _cc1980. |
||
| 300 |
_a349 p. _c18 cm. |
||
| 562 | _e1 | ||
| 650 |
_aFiciton _93716 |
||
| 942 |
_2lcc _cBK |
||
| 999 |
_c7742 _d7742 |
||